000 00516nam a2200181Ia 4500
001 2545
005 20260306144815.0
008 260306t2008||||xx |||||||||||||| ||spa||
041 _aESP
082 _a616.8914
_bS36
100 _aSegal, Zindel V.
_eAUT
245 0 _aTerapia cognitiva de la depresión basada en la consciencia plena:
_bun nuevo abordaje para la prevención de las recaídas
260 _c2008
300 _a394 páginas :
_c21 cm.
650 _aGEN
654 _aCPS
942 _cLIB
_dJUS
_fJUS
_2ddc
_n
999 _c2545
_d2545